| 000 | 02000nam1a2200457 i 4500 | ||
|---|---|---|---|
| 001 | RU\NLR\bibl\1123217 | ||
| 005 | 20260406124809.0 | ||
| 010 | _a978-5-7853-0780-3 | ||
| 035 | _a(NLR Aleph) 001110172 | ||
| 090 |
_a1233088 _c1233088 |
||
| 100 | _a20070903g20079999e y0rusy50 ca | ||
| 101 | 0 |
_arus _ager |
|
| 102 | _aRU | ||
| 105 | _a||||z ||||| | ||
| 200 | 1 |
_aШаги 2 _eучебник немецкого языка _eдля 6 класса общеобразовательных учреждений _eв 4 ч. _fИ. Л. Бим, Л. М. Санникова, Л. В. Садомова |
|
| 205 | _a10-е изд. | ||
| 210 |
_aМосква _cПросвещение _cМосковские учебники _d2007 |
||
| 215 | _d22 | ||
| 225 | 1 | _aDeutsch | |
| 225 | 1 | _aМосковский учебник | |
| 225 | 1 | _aНовая орфорграфия | |
| 300 | _aНа обл.: Schritte 2: Lehrbuch: Lesebuch | ||
| 300 | _aНа обл. авт. не указан | ||
| 300 | _aНа обороте тит. л.: 10-е изд., дораб. | ||
| 423 | 0 |
_12001#$aКнига для чтения$fсост. Е. В. Игнатова _1210##$aМосква$d2007 _1215##$aС. 87-117 _tКнига для чтения |
|
| 463 | 0 | _10011116891 | |
| 463 | 0 | _10011116890 | |
| 463 | 0 | _10011117074 | |
| 463 | 0 | _10011117076 | |
| 512 | 1 |
_aSchritte 2 _eLehrbuch _eLesebuch |
|
| 606 | 1 |
_aНемецкий язык _jУчебники для средней школы _91063964 _3RU\NLR\auth\66413315 |
|
| 686 | _aШ143.24-93рус21[6] | ||
| 700 | 1 |
_4070 _8rus _7ca _aБим _bИ. Л. _f1926-2011 _gИнесса Львовна _3RU\NLR\AUTH\7785 _9110187 |
|
| 701 | 1 |
_aСанникова _bЛ. М. _gЛидия Михайловна _4070 |
|
| 701 | 1 |
_4070 _8rus _7ca _aСадомова _bЛ. В. _gЛюдмила Васильевна _3RU\NLR\auth\771254 _9111283 |
|
| 801 | 0 |
_aRU _bNLR _c20070903 _gRCR |
|
| 801 | 1 |
_aRU _bNLR _c20070903 |
|
| 852 |
_aNLR _j2007-5/6715 |
||
| 942 | _cBOOK | ||